[Event "British Chess Championships 2023: U10 Championship"]
[Site "De Montfort University, 20 Western Boulevard, Leicester, LE2 7BU"]
[Date "2023.07.26"]
[Round "3"]
[Board "1"]
[White "Shivakumar, Akshath"]
[Black "Zhao, George"]
[Result "0-1"]
[WhiteElo "1664"]
[BlackElo "1907"]
[PlyCount "0"]
[EventDate "2023.07.25"]
[EventRounds "7"]
[EventCountry "ENG"]

1. d4 e6 2. c4 Nf6 3. Nf3 d5 4. g3 dxc4 5. Qa4+ Nbd7 6. Qxc4 a6 7. Bg2 b5 8. Qc2
Bb7 9. Nbd2 c5 10. O-O cxd4 11. Nxd4 Rc8 12. Qd1 Bxg2 13. Kxg2 Bc5 14. N2b3 Be7 15.
Bd2 Qb6 16. e3 O-O 17. Rc1 Ne5 18. Nf3 Nc4 19. Bc3 Rfd8 20. Qe2 a5 21. Nbd2 Nxd2
22. Bxd2 Ne4 23. Rxc8 Rxc8 24. Rd1 b4 25. Be1 Qb7 26. h4 h6 27. a3 b3 28. Rd3 Rc2
29. Qd1 Bxa3 30. bxa3 b2 31. Qxc2 b1=Q 32. Qxb1 Qxb1 33. Rd4 f5 34. Ra4 Nc5 35. Rxa5
Nd3 36. Bb4 Qc2 37. Bd2 Qd1 38. Ra8+ Kh7 39. Ra7 Qe2 40. Bc3 Qxf2+ 41. Kh3 Qf1+ 42.
Kh2 Qe2+ 43. Kg1 Qf2+ 44. Kh1 Qxf3+ 45. Kh2 Qe2+ 46. Kg1 Qxe3+ 47. Kh2 Qxa7 48. Kh3
Nf2+ 49. Kg2 Ng4 50. Be1 Qe3 51. a4 Qe2+ 52. Kh3 Qxe1 53. a5 Qxa5 54. h5 e5 55. Kh4
e4 56. Kh3 e3 57. Kh4 e2 58. Kh3 e1=N 59. Kh4 Qa2 60. Kh3 Qg2+ 61. Kh4 Nf3#  0-1

[Event "British Chess Championships 2023: U10 Championship"]
[Site "De Montfort University, 20 Western Boulevard, Leicester, LE2 7BU"]
[Date "2023.07.26"]
[Round "3"]
[Board "2"]
[White "Kryshtafor, Maksym"]
[Black "Keshari, Krish"]
[Result "1/2-1/2"]
[WhiteElo "1858"]
[BlackElo "1623"]
[PlyCount "0"]
[EventDate "2023.07.25"]
[EventRounds "7"]
[EventCountry "ENG"]

1. e4 e5 2. Nf3 Nc6 3. Bb5 a6 4. Bxc6 dxc6 5. Nc3 Bg4 6. h3 Bxf3 7. Qxf3 Nf6 8. d3
h6 9. Be3 Be7 10. O-O-O c5 11. Nd5 Nxd5 12. exd5 b5 13. Qe4 Qd6 14. f4 Rd8 15. c4
f6 16. Qg6+ Kf8 17. fxe5 Qxe5 18. Rhe1 Qd6 19. g3 Qd7 20. d4 cxd4 21. Rxd4 bxc4 22.
Rg4 Bb4 23. Rd1 Qf7 24. Qe4 Re8 25. Qxc4 Qe7 26. Qxb4 Qxb4 27. Rxb4 Rxe3 28. Rb8+
Re8 29. Rb7 Rc8 30. Ra7 Ke8 31. Rxa6 Kd7 32. Re1 Ra8 33. Rxa8 Rxa8 34. a3 Ra5 35.
Rd1 Kd6 36. Kc2 Rc5+ 37. Kb3 Rb5+ 38. Kc3 Rc5+ 39. Kb4 Rc2 40. b3 Rh2 41. h4 g5 42.
hxg5 fxg5 43. a4 h5 44. a5 h4 45. gxh4 gxh4 46. Kb5 h3 47. a6 Ra2 48. Rh1 h2 49.
b4 Kd7 50. Kc4 Rxa6 51. Rxh2 Kc8 52. Kc5 Kb7 53. Rh7 Kc8 54. Rf7 Rh6 55. Rf8+ Kb7
56. Re8 Rg6 57. Re6 Rg7 58. b5 Rg1 59. Re4 Rg6 60. Kb4 Rd6 61. Re5 Rg6 62. Re6 Rg1
63. Kc4 Rc1+ 64. Kd4 Rd1+ 65. Ke4 Re1+ 66. Kf5 Rf1+ 67. Kg6 Rg1+ 68. Kf7 Rg5 69.
b6 Rxd5 70. bxc7 Kxc7 71. Re1 Rd7 72. Kf6 Rd6+ 73. Ke5 Rc6 74. Rd1 Rc5+ 75. Kd4 Rc6
76. Rh1 Kb7 77. Kd5 Rb6 78. Rh7+ Ka8 79. Rh8+ Ka7 80. Kc5 Rb1 81. Rh4 Rc1+ 82. Kb4
Rb1+ 83. Kc3 Rc1+ 84. Kb2 Rc7 85. Rh3 Rb7+ 86. Ka2 Kb8 87. Rc3 Ra7+ 88. Kb2 Rb7+
89. Ka3 Ra7+ 90. Kb4 Rb7+ 91. Ka4 Ra7+ 92. Kb5 Rb7+ 93. Ka6 Ra7+ 94. Kb6 Rb7+ 95.
Ka5 Ra7+ 96. Kb4 Rb7+ 97. Ka3 Ra7+ 98. Kb2 Rb7+ 99. Ka1 Ra7+ 100. Kb1 Rb7+ 101. Ka2
Ra7+ 102. Kb1 Rb7+ 103. Kc2 Rc7 104. Kb2 Rxc3 105. Kxc3  1/2-1/2

[Event "British Chess Championships 2023: U10 Championship"]
[Site "De Montfort University, 20 Western Boulevard, Leicester, LE2 7BU"]
[Date "2023.07.26"]
[Round "3"]
[Board "3"]
[White "Sasikumar, Srivathsan"]
[Black "Kairat, Alexander"]
[Result "1-0"]
[WhiteElo "1792"]
[BlackElo "1619"]
[PlyCount "0"]
[EventDate "2023.07.25"]
[EventRounds "7"]
[EventCountry "ENG"]

1. e4 c5 2. Nf3 Nc6 3. d4 cxd4 4. Nxd4 e5 5. Nb5 d6 6. Nd2 a6 7. Nc3 Be6 8. Nf3 Be7
9. Be2 Nf6 10. O-O O-O 11. Bg5 b5 12. Bxf6 Bxf6 13. Nd5 Be7 14. c3 Re8 15. Qd2 Bf8
16. Rad1 Rb8 17. b4 h6 18. a4 f5 19. exf5 Bxf5 20. axb5 axb5 21. c4 bxc4 22. Bxc4
Kh8 23. h3 Be4 24. Nh2 Nd4 25. Rfe1 Bf5 26. f4 Qc8 27. Rc1 Qd7 28. Qf2 Rb7 29. fxe5
dxe5 30. g4 Bg6 31. Rxe5 Rxe5 32. Qxf8+ Kh7 33. Nf6+ gxf6 34. Qg8#  1-0

[Event "British Chess Championships 2023: U10 Championship"]
[Site "De Montfort University, 20 Western Boulevard, Leicester, LE2 7BU"]
[Date "2023.07.26"]
[Round "3"]
[Board "4"]
[White "Railwani, Tavish"]
[Black "Veselow, Zoe"]
[Result "1/2-1/2"]
[WhiteElo "1636"]
[BlackElo "1720"]
[PlyCount "0"]
[EventDate "2023.07.25"]
[EventRounds "7"]
[EventCountry "ENG"]

1. e4 c5 2. Nf3 e6 3. d4 cxd4 4. Nxd4 a6 5. Bd3 Qc7 6. O-O Be7 7. Nc3 Nf6 8. Nde2
Nc6 9. f4 d6 10. Bd2 O-O 11. a3 b5 12. b4 Bb7 13. Qe1 Rfd8 14. Qg3 Rac8 15. f5 Kh8
16. Rab1 Ne5 17. fxe6 fxe6 18. Nf4 Qd7 19. Qh3 Nxd3 20. cxd3 e5 21. Ng6+ Kg8 22.
Nxe7+ Qxe7 23. Rbc1 Rf8 24. Bg5 Qf7 25. Bxf6 gxf6 26. Ne2 Kh8 27. Ng3 d5 28. Nf5
Rxc1 29. Rxc1 dxe4 30. Nd6 Qe7 31. Nxe4 Bxe4 32. dxe4 Qa7+ 33. Kh1 Qd4 34. Qf3 Kg7
35. Qg4+ Kh8 36. h3 Qf2  1/2-1/2

[Event "British Chess Championships 2023: U10 Championship"]
[Site "De Montfort University, 20 Western Boulevard, Leicester, LE2 7BU"]
[Date "2023.07.26"]
[Round "3"]
[Board "5"]
[White "Zhang, Junyi"]
[Black "Mittal, Advik"]
[Result "1/2-1/2"]
[WhiteElo "1686"]
[BlackElo "1544"]
[PlyCount "0"]
[EventDate "2023.07.25"]
[EventRounds "7"]
[EventCountry "ENG"]

1. e4 e5 2. Nf3 Nc6 3. Bc4 Bc5 4. c3 Nf6 5. d4 exd4 6. e5 d5 7. Bb5 Ne4 8. cxd4 Bb4+
9. Bd2 Bxd2+ 10. Nbxd2 Nxd2 11. Qxd2 Bd7 12. O-O a6 13. Bxc6 Bxc6 14. Rfe1 Bd7 15.
Rac1 O-O 16. Rc3 Re8 17. Qc2 c6 18. Rce3 Bg4 19. Nd2 Qd7 20. Nf1 Bf5 21. Qd2 Rac8
22. Rg3 Bg6 23. Ne3 c5 24. f4 Be4 25. Ng4 Kh8 26. dxc5 Qb5 27. b4 a5 28. a3 axb4
29. axb4 b6 30. Nf2 Red8 31. Rd1 Bf5 32. Rg5 Bg6 33. h4 h6 34. Rg3 bxc5 35. Ng4 Qxb4
36. Qc1 Bh5 37. Rf1 Bxg4 38. Rxg4 Qe4 39. Rf3 Rg8 40. Rfg3 Qf5 41. Qd1 Qe4 42. Qd2
Rb8 43. Qc3 Rb1+ 44. Kh2 Qe1 45. Qxe1 Rxe1 46. Rc3 c4 47. Rgg3 Re4 48. Rgf3 Rb8 49.
Kg3 Kh7 50. Rf2 Rb3 51. Rxb3 cxb3 52. Rb2 Re3+ 53. Kf2 Rc3 54. Ke1 h5 55. Kd2 d4
56. f5 Kg8 57. Kd1 Kf8 58. Rd2 d3 59. Rb2 Ke7 60. Rb1 g6 61. fxg6 fxg6 62. Kd2 Rc2+
63. Kxd3 Rxg2 64. Kc4 Rg3 65. Kd5 Rh3 66. Rc1 b2 67. Rc7+ Kd8 68. Rb7 Rxh4 69. Rxb2
 1/2-1/2

[Event "British Chess Championships 2023: U10 Championship"]
[Site "De Montfort University, 20 Western Boulevard, Leicester, LE2 7BU"]
[Date "2023.07.26"]
[Round "3"]
[Board "6"]
[White "Gopikrishna, Ashwin"]
[Black "Pitel, Benedikt"]
[Result "0-1"]
[WhiteElo "881"]
[BlackElo "1817"]
[PlyCount "0"]
[EventDate "2023.07.25"]
[EventRounds "7"]
[EventCountry "ENG"]

1. Nf3 d5 2. d4 Nf6 3. Bf4 Bf5 4. e3 Nbd7 5. Bd3 Bg6 6. Bxg6 hxg6 7. c3 e6 8. Qb3
b6 9. Nbd2 Be7 10. c4 c6 11. Rc1 Rc8 12. cxd5 cxd5 13. O-O O-O 14. Rc2 Rxc2 15. Qxc2
Qc8 16. Rc1 Qa6 17. Nb3 Rd8 18. a3 Ne4 19. Nbd2 Nd6 20. Qc6 Rc8 21. Bxd6 Rxc6 22.
Rxc6 Bxd6 23. Rxd6 Qb7 24. Ne5 Nxe5 25. dxe5 Qc7 26. Nf1 Kf8 27. h3 Ke7 28. f4 Qc1
29. g3 Qxb2 30. Rc6 Kd7 31. Rd6+ Kc7 32. e4 Qd4+ 33. Kh2 Qxe4 34. f5 gxf5 35. Ne3
Qxe3 36. g4 Qxe5+  0-1

[Event "British Chess Championships 2023: U10 Championship"]
[Site "De Montfort University, 20 Western Boulevard, Leicester, LE2 7BU"]
[Date "2023.07.26"]
[Round "3"]
[Board "7"]
[White "Anjulan, Ashwin"]
[Black "Horwood, Alexander"]
[Result "1-0"]
[WhiteElo "1466"]
[BlackElo "1442"]
[PlyCount "0"]
[EventDate "2023.07.25"]
[EventRounds "7"]
[EventCountry "ENG"]

1. e4 c5 2. d4 cxd4 3. Qxd4 Nc6 4. Qd1 g6 5. Nc3 Bg7 6. Bc4 Nf6 7. Nf3 d6 8. h3 O-O
9. O-O a6 10. a4 Nd7 11. Be3 Nde5 12. Bb3 Nxf3+ 13. Qxf3 Ne5 14. Qd1 Qc7 15. Nd5
Qd8 16. f4 Nd7 17. f5 Kh8 18. Bd4 Ne5 19. a5 Nc6 20. Bxg7+ Kxg7 21. f6+ exf6 22.
Nxf6 Be6 23. c3 Bxb3 24. Qxb3 Nxa5 25. Qa3 Qb6+ 26. Kh1 Nc4 27. Qa2 Ne5 28. Rad1
Qc5 29. Rd5 Qe3 30. Rxd6 Qe2 31. Rdd1 Nd3 32. Kh2 Qxb2 33. Qd5 Rad8 34. Nd7 Nf2 35.
Rd2 Nxe4 36. Rxb2  1-0

[Event "British Chess Championships 2023: U10 Championship"]
[Site "De Montfort University, 20 Western Boulevard, Leicester, LE2 7BU"]
[Date "2023.07.26"]
[Round "3"]
[Board "8"]
[White "Katukuri, Aarav"]
[Black "Sewart, Daniel"]
[Result "1-0"]
[WhiteElo "1485"]
[BlackElo "1374"]
[PlyCount "0"]
[EventDate "2023.07.25"]
[EventRounds "7"]
[EventCountry "ENG"]

1. d4 Nf6 2. Bf4 c5 3. d5 d6 4. c4 g6 5. Nc3 Bf5 6. Nf3 Qb6 7. Qa4+ Bd7 8. Qc2 Bg7
9. e4 a6 10. Be2 O-O 11. O-O Qa5 12. h3 b5 13. a3 Ra7 14. b4 Qb6 15. bxc5 dxc5 16.
cxb5 axb5 17. Rfb1 b4 18. Be3 Na6 19. axb4 Nxb4 20. Rxa7 Qxa7 21. Rxb4 Qa5 22. Rb1
Ne8 23. Bd2 Qc7 24. Nb5 Bxb5 25. Bxb5 Nd6 26. Bc6 Bd4 27. Nxd4 cxd4 28. Bf4 Rd8 29.
Rb7 Qa5 30. Bxd6 Rxd6 31. Rb8+ Kg7 32. Qd1 Qc3 33. e5 Rxc6 34. dxc6 Qxc6 35. Qxd4
Qc1+ 36. Kh2 h5 37. e6+ f6 38. Qe3 Qc2 39. Qa7 Qe2 40. Qxe7+ Kh6 41. Qxf6 Qc4 42.
Rh8#  1-0

[Event "British Chess Championships 2023: U10 Championship"]
[Site "De Montfort University, 20 Western Boulevard, Leicester, LE2 7BU"]
[Date "2023.07.26"]
[Round "3"]
[Board "9"]
[White "Babu, Rohan"]
[Black "Zhang, Lionel"]
[Result "0-1"]
[WhiteElo "1087"]
[BlackElo "1475"]
[PlyCount "0"]
[EventDate "2023.07.25"]
[EventRounds "7"]
[EventCountry "ENG"]

1. e4 c6 2. d4 d5 3. exd5 cxd5 4. Nc3 Nf6 5. Bd3 Nc6 6. Nf3 Bg4 7. Bb5 a6 8. Bxc6+
bxc6 9. h3 Bh5 10. Bf4 e6 11. Bg5 Bd6 12. g4 Bg6 13. Ne5 Rc8 14. Qe2 a5 15. f4 Be7
16. O-O-O Nd7 17. Bxe7 Qxe7 18. h4 Nxe5 19. fxe5 h6 20. Rdf1 Rb8 21. g5 h5 22. Rh3
Bf5 23. Rg3 Qb4 24. Nd1 Qxd4 25. Rc3 Qb6 26. Rb3 Qc7 27. Rxb8+ Qxb8 28. Qa6 O-O 29.
Re1 Qb4 30. Qe2 g6 31. Ne3 Qxh4 32. Nxf5 exf5 33. Qe3 f4 34. Qg1 Qg4 35. Qxg4 hxg4
36. Rg1 g3 37. Kd2 Re8 38. Ke2 Rxe5+ 39. Kf3 Rxg5 40. Kxf4 Rf5+ 41. Kxg3 Rg5+ 42.
Kf2 Rxg1 43. Kxg1 f5 44. Kf2 g5 45. b3 Kf7 46. c4 dxc4 47. bxc4 Ke6 48. c5 Kd5 49.
a4 Kxc5 50. Kg1 Kb4 51. Kf1 Kxa4 52. Kf2 Kb3 53. Ke2 a4 54. Kd3 a3 55. Ke3 a2 56.
Ke2 a1=Q 57. Kd2 Qe5 58. Kd1 g4 59. Kd2 g3 60. Kd3 g2 61. Kd2 g1=Q 62. Kd3 Qd1  0-1

[Event "British Chess Championships 2023: U10 Championship"]
[Site "De Montfort University, 20 Western Boulevard, Leicester, LE2 7BU"]
[Date "2023.07.26"]
[Round "3"]
[Board "10"]
[White "Saharkar, Sharvari"]
[Black "Pugaciauskas, Dominic"]
[Result "1-0"]
[WhiteElo "1420"]
[BlackElo "1077"]
[PlyCount "0"]
[EventDate "2023.07.25"]
[EventRounds "7"]
[EventCountry "ENG"]

1. e4 c6 2. d4 d5 3. Nc3 dxe4 4. Nxe4 Bf5 5. Ng3 Bg6 6. Nf3 Nd7 7. Bd3 e6 8. Be3
Bd6 9. Ne2 Ngf6 10. h3 Qb6 11. Rb1 Nd5 12. Qd2 Nxe3 13. Qxe3 Bxd3 14. Qxd3 c5 15.
Qd2 cxd4 16. Nexd4 Qa6 17. a3 Qb6 18. b4 a5 19. c3 axb4 20. axb4 Nf6 21. Qb2 Nd5
22. Nc2 Rc8 23. c4 Rxc4 24. O-O Rg8 25. Ra1 Ke7 26. Rfe1 Nxb4 27. Ne3 Rc5 28. Rac1
Kd7 29. Nc4 Qb5 30. Nxd6 Kxd6 31. Qd2+ Rd5 32. Qf4+ Ke7 33. Rc7+ Ke8 34. Qxf7+ Kd8
35. Qe7#  1-0

[Event "British Chess Championships 2023: U10 Championship"]
[Site "De Montfort University, 20 Western Boulevard, Leicester, LE2 7BU"]
[Date "2023.07.26"]
[Round "3"]
[Board "11"]
[White "Bednaya, Julia"]
[Black "Pitel, Dominik"]
[Result "1-0"]
[WhiteElo "1008"]
[BlackElo "1413"]
[PlyCount "0"]
[EventDate "2023.07.25"]
[EventRounds "7"]
[EventCountry "ENG"]

1. e4 e5 2. Nf3 Nc6 3. Bc4 Bc5 4. d3 Nf6 5. Bg5 O-O 6. O-O d6 7. h3 h6 8. Bh4 Na5
9. Bb3 Nxb3 10. axb3 Re8 11. Nc3 Be6 12. Qe2 Qd7 13. Bxf6 gxf6 14. Nh4 Kh7 15. Nd5
Qd8 16. Qf3 Bxd5 17. exd5 Rg8 18. Rfe1 Qe7 19. Re4 Rg7 20. Nf5 Qd8 21. Nxg7 Kxg7
22. Raa4 b5 23. Ra2 Qe7 24. Qf5 Kh8 25. Rg4 Rf8 26. Qh5 Kh7 27. Ra1 Qd7 28. Rh4 Kg8
29. Qxh6 Bxf2+ 30. Kxf2 Qf5+ 31. Kg1 Qg6 32. Qh8#  1-0

[Event "British Chess Championships 2023: U10 Championship"]
[Site "De Montfort University, 20 Western Boulevard, Leicester, LE2 7BU"]
[Date "2023.07.26"]
[Round "3"]
[Board "12"]
[White "Ba, Amy"]
[Black "Qin, Charlie"]
[Result "1-0"]
[WhiteElo "1403"]
[BlackElo "909"]
[PlyCount "0"]
[EventDate "2023.07.25"]
[EventRounds "7"]
[EventCountry "ENG"]

1. e4 e5 2. Nf3 Nc6 3. d4 exd4 4. Nxd4 Nxd4 5. Qxd4 Nf6 6. Bc4 d6 7. Nc3 Be6 8. Be3
Be7 9. O-O-O O-O 10. f4 b6 11. h3 c5 12. Qd3 a6 13. f5 Bxc4 14. Qxc4 Qc7 15. Nd5
Nxd5 16. Qxd5 Rad8 17. g4 Kh8 18. h4 Rg8 19. Qxf7 Rdf8 20. Qd5 Bf6 21. g5 Be5 22.
h5 h6 23. gxh6 gxh6 24. Bxh6 Rf6 25. Bd2 Qf7 26. Qxf7 Rxf7 27. Rdf1 Kg7 28. Bf4 Bxf4+
29. Rxf4 Kf8 30. h6 Rh7 31. Kd2 Rg2+ 32. Kc3 Ke7 33. Rhh4 Kf6 34. Rfg4 Rxg4 35. Rxg4
Rxh6 36. Rg6+ Rxg6 37. fxg6 Kxg6 38. Kc4 b5+ 39. Kd5 c4 40. Kxd6 Kf6 41. e5 Kg7 42.
e6 Kf8 43. Kd7  1-0

[Event "British Chess Championships 2023: U10 Championship"]
[Site "De Montfort University, 20 Western Boulevard, Leicester, LE2 7BU"]
[Date "2023.07.26"]
[Round "3"]
[Board "13"]
[White "Helsby, Matthew"]
[Black "Rao, Saachi"]
[Result "1-0"]
[WhiteElo "1316"]
[BlackElo "870"]
[PlyCount "0"]
[EventDate "2023.07.25"]
[EventRounds "7"]
[EventCountry "ENG"]

1. d4 Nf6 2. c4 g6 3. Nf3 Bg7 4. g3 d6 5. Bg2 O-O 6. O-O Be6 7. d5 Bf5 8. Nc3 c6
9. Re1 Nbd7 10. e4 Bg4 11. Be3 b5 12. cxb5 cxb5 13. Bd4 b4 14. Na4 e5 15. dxe6 Bxe6
16. a3 b3 17. Nc3 Nc5 18. Bxc5 dxc5 19. Rc1 c4 20. Qxd8 Raxd8 21. Ng5 Rfe8 22. Nxe6
Rxe6 23. Rcd1 Red6 24. Rxd6 Rxd6 25. e5 Re6 26. f4 Nd7 27. Bd5 Re7 28. Bxc4 Nc5 29.
Rd1 h5 30. Rd6 Rc7 31. Kg2 a5 32. Rxg6 Rd7 33. Rc6 Rd2+ 34. Kf3 Bf8 35. Rf6 Rxb2
36. Rxf7 Rc2 37. Rf6+ Kg7 38. Rf7+ Kh6 39. Ke3 Rxc3+ 40. Kd4 Rc2 41. Rxf8 b2 42.
Rb8 Nd7 43. Rb5 h4 44. gxh4 Kh5 45. e6+ Nc5 46. Rxc5+ Kxh4 47. Rb5 Kg4 48. e7 Rc1
49. e8=Q Rd1+ 50. Kc5 b1=Q 51. Rxb1 Rxb1 52. Qg6+ Kxf4 53. Qxb1 Kg4 54. Qf1  1-0

[Event "British Chess Championships 2023: U10 Championship"]
[Site "De Montfort University, 20 Western Boulevard, Leicester, LE2 7BU"]
[Date "2023.07.26"]
[Round "3"]
[Board "14"]
[White "Shankar, Yashwardhan"]
[Black "Marsden, Oscar"]
[Result "1-0"]
[WhiteElo "817"]
[BlackElo "1307"]
[PlyCount "0"]
[EventDate "2023.07.25"]
[EventRounds "7"]
[EventCountry "ENG"]

1. d4 d5 2. Bf4 Nc6 3. e3 Bf5 4. Nf3 Nf6 5. c4 e6 6. Nc3 Bd6 7. Bg3 O-O 8. c5 Be7
9. Bd3 Bxd3 10. Qxd3 Nh5 11. Ne5 Nf6 12. O-O Nxe5 13. Bxe5 Nd7 14. Bg3 c6 15. b4
Bf6 16. a4 b6 17. Rab1 e5 18. Rfe1 bxc5 19. bxc5 Rb8 20. Rxb8 Qxb8 21. Rb1 Qc7 22.
f4 exf4 23. Bxf4 Qa5 24. Bd6 Re8 25. Rb7 Qd8 26. Qf5 Nf8 27. Rb8 Qxb8 28. Bxb8 Rxb8
29. Qd3 Rb3 30. Qc2 Rb7 31. a5 Re7 32. Qd3 Bg5 33. e4 Bh4 34. g3 dxe4 35. Nxe4 Bf6
36. Nxf6+ gxf6 37. Qf3 Kg7 38. Qxc6 Ne6 39. d5 Nd4 40. Qd6 Nf5 41. Qf4 Re1+ 42. Kf2
Ne3 43. Qd4 Kf8 44. Qxe3 Rxe3 45. Kxe3 Ke7 46. Ke4 h6 47. a6 h5 48. h4 Kd7 49. Kf5
Ke7 50. d6+ Kd7 51. Kxf6 Ke8 52. c6 Kd8 53. d7 Kc7 54. Ke7 f5 55. d8=Q+ Kxc6 56.
Qd6+ Kb5 57. Kd7 Ka5 58. Qb8 Kxa6 59. Kc6 Ka5 60. Qb5#  1-0

[Event "British Chess Championships 2023: U10 Championship"]
[Site "De Montfort University, 20 Western Boulevard, Leicester, LE2 7BU"]
[Date "2023.07.26"]
[Round "3"]
[Board "15"]
[White "Parikh, Aadhya"]
[Black "Sriram, Gautam"]
[Result "1-0"]
[WhiteElo "794"]
[BlackElo "1305"]
[PlyCount "0"]
[EventDate "2023.07.25"]
[EventRounds "7"]
[EventCountry "ENG"]

1. e4 d5 2. exd5 Qxd5 3. Nc3 Qa5 4. Nf3 Bf5 5. Be2 Nf6 6. O-O e6 7. d3 c6 8. Bd2
Qc7 9. Nd4 Bg6 10. a3 Bd6 11. g3 O-O 12. Bg5 Nbd7 13. Bf3 Rfe8 14. Ne4 Bxe4 15. dxe4
e5 16. Nf5 Be7 17. Bxf6 Nxf6 18. Nxe7+ Qxe7 19. h4 Rad8 20. Qe2 h6 21. Rad1 Qc5 22.
Rxd8 Rxd8 23. Rd1 Rxd1+ 24. Qxd1 Qd4 25. Qxd4 exd4 26. Kf1 Kf8 27. Ke2 Ke7 28. Kd3
c5 29. b4 b6 30. Kc4 Kd6 31. bxc5+ bxc5 32. c3 dxc3 33. Kxc3 Kc7 34. g4 Kb6 35. h5
Kb5 36. Kb3 a5 37. a4+ Kb6 38. Kc3 Nd7 39. Be2 Ne5 40. f3 Kc6 41. f4 Nd7 42. Bb5+
Kd6 43. e5+ Kc7 44. Kc4 Nb6+ 45. Kxc5 Nxa4+ 46. Bxa4 Kd8 47. Bb3 Ke7 48. Kb5 Ke8
49. Kxa5 Ke7 50. Kb5 Ke8 51. Kc5 Ke7 52. Kd5 Kd7 53. f5 Ke7 54. e6 f6 55. Kc6 Kd8
56. Kd6 Ke8 57. Ba4+ Kf8 58. e7+ Kg8 59. e8=Q+ Kh7 60. Bb3 g5 61. Qg8+  1-0

[Event "British Chess Championships 2023: U10 Championship"]
[Site "De Montfort University, 20 Western Boulevard, Leicester, LE2 7BU"]
[Date "2023.07.26"]
[Round "3"]
[Board "16"]
[White "Nguyen, Lam Vy Le"]
[Black "Sarwar, Adam"]
[Result "1-0"]
[WhiteElo "1244"]
[BlackElo "854"]
[PlyCount "0"]
[EventDate "2023.07.25"]
[EventRounds "7"]
[EventCountry "ENG"]

1. e4 e5 2. Nf3 Nc6 3. Bc4 Bc5 4. d3 Nf6 5. c3 h6 6. Nbd2 O-O 7. Bb3 d6 8. O-O Bg4
9. h3 Be6 10. Bc2 a5 11. a4 Re8 12. Re1 Qd7 13. Nf1 Rad8 14. d4 exd4 15. cxd4 Bb4
16. Bd2 Bxd2 17. Qxd2 Bxh3 18. gxh3 Qxh3 19. Qf4 Re7 20. Qg3 Qg4 21. Qxg4 Nxg4 22.
Ne3 Nb4 23. Nf5 Ree8 24. Rac1 Nf6 25. Bb1 d5 26. e5 Nh5 27. Rxc7 Rb8 28. Nd6 Re6
29. Bf5 Nf4 30. Bxe6 fxe6 31. Rxb7 Rxb7 32. Nxb7 Nbd3 33. Rb1 Ne2+ 34. Kf1 Ndf4 35.
Nxa5 h5 36. Rd1 g5 37. Nxg5 h4 38. Nxe6 h3 39. Nxf4 Nxf4 40. Kg1 Kg7 41. Kh2 Kg6
42. b4  1-0

[Event "British Chess Championships 2023: U10 Championship"]
[Site "De Montfort University, 20 Western Boulevard, Leicester, LE2 7BU"]
[Date "2023.07.26"]
[Round "3"]
[Board "17"]
[White "Tang, Ayanna"]
[Black "Hill, Callum"]
[Result "0-1"]
[WhiteElo "575"]
[BlackElo "1150"]
[PlyCount "0"]
[EventDate "2023.07.25"]
[EventRounds "7"]
[EventCountry "ENG"]

1. e4 e5 2. Bc4 Nf6 3. Nc3 Bc5 4. Nf3 d6 5. d3 h6 6. Bd2 Bg4 7. h3 Bh5 8. g4 Bg6
9. Qe2 Nc6 10. g5 hxg5 11. Bxg5 Bh5 12. Bxf6 Qxf6 13. Bb5 Bxf3 14. Qe3 Bxe3 15. h4
Bxh1 16. Ke2 Qxf2+ 17. Kd1 Qf1#  0-1

[Event "British Chess Championships 2023: U10 Championship"]
[Site "De Montfort University, 20 Western Boulevard, Leicester, LE2 7BU"]
[Date "2023.07.26"]
[Round "3"]
[Board "18"]
[White "Jha, Advay"]
[Black "Edwards, Laurence"]
[Result "1-0"]
[WhiteElo "1328"]
[BlackElo "1263"]
[PlyCount "0"]
[EventDate "2023.07.25"]
[EventRounds "7"]
[EventCountry "ENG"]

1. e4 d5 2. exd5 Nf6 3. Nc3 Nxd5 4. Nxd5 Qxd5 5. d4 Qd8 6. Bf4 e6 7. Nf3 Nc6 8. Bc4
Be7 9. Qd3 Bf6 10. O-O-O Nxd4 11. Nxd4 Bxd4 12. Qxd4 Qxd4 13. Rxd4 O-O 14. Bxc7 b6
15. Rhd1 Bb7 16. Be5 Bxg2 17. Rg4 Bf3 18. Rxg7+ Kh8 19. Rxf7+ Kg8 20. Rg7+ Kh8 21.
Rxa7+ Kg8 22. Rg7+ Kh8 23. Bxe6 h5 24. Rdd7 Rg8 25. Rh7#  1-0

[Event "British Chess Championships 2023: U10 Championship"]
[Site "De Montfort University, 20 Western Boulevard, Leicester, LE2 7BU"]
[Date "2023.07.26"]
[Round "3"]
[Board "19"]
[White "Mittal, Rutva"]
[Black "Ahmad, Layth"]
[Result "1/2-1/2"]
[WhiteElo "623"]
[BlackElo "920"]
[PlyCount "0"]
[EventDate "2023.07.25"]
[EventRounds "7"]
[EventCountry "ENG"]

1. e4 e5 2. Nf3 Nc6 3. Bc4 Bc5 4. c3 d6 5. d3 Be6 6. Bb3 Bg4 7. Nbd2 Nge7 8. O-O
Ng6 9. h3 Bh5 10. Re1 Nh4 11. Bd5 g5 12. g4 Bg6 13. Nb3 h5 14. Bxg5 Nxf3+ 15. Qxf3
Qxg5 16. Kf1 hxg4 17. hxg4 Qh4 18. Nxc5 dxc5 19. Rad1 Qh3+ 20. Qxh3 Rxh3 21. Kg2
 1/2-1/2

[Event "British Chess Championships 2023: U10 Championship"]
[Site "De Montfort University, 20 Western Boulevard, Leicester, LE2 7BU"]
[Date "2023.07.26"]
[Round "3"]
[Board "20"]
[White "Mehta, Zara"]
[Black "Bedford, Rudi"]
[Result "0-1"]
[WhiteElo "990"]
[BlackElo "1089"]
[PlyCount "0"]
[EventDate "2023.07.25"]
[EventRounds "7"]
[EventCountry "ENG"]

1. d4 Nf6 2. Bf4 g6 3. e3 Bg7 4. Nf3 O-O 5. Nbd2 d6 6. c3 Nc6 7. Bc4 Re8 8. O-O e5
9. Bg3 d5 10. Bb5 e4 11. Ne5 Bd7 12. Qa4 Nxe5 13. dxe5 c6 14. Be2 Ng4 15. Bxg4 Bxg4
16. h3 Be2 17. Rfe1 Bb5 18. Qd4 b6 19. c4 dxc4 20. Qxd8 Raxd8 21. Nxe4 Bxe5 22. Bxe5
Rxe5 23. Nf6+ Kg7 24. Ng4 Red5 25. Kh2 Rd2 26. Rab1 f5 27. Ne5 Rxf2 28. Red1 Rfd2
29. Rxd2 Rxd2 30. b3 cxb3 31. axb3 Bd3 32. Rc1 Be4 33. Kg3 Rxg2+ 34. Kh4 c5 35. Rd1
Kf6 36. Nd7+ Ke7 37. Nb8 Bf3 38. Rd7+ Ke6 39. Rxa7 g5#  0-1

[Event "British Chess Championships 2023: U10 Championship"]
[Site "De Montfort University, 20 Western Boulevard, Leicester, LE2 7BU"]
[Date "2023.07.26"]
[Round "3"]
[Board "21"]
[White "Ragam, Aaryan"]
[Black "Wen, Max"]
[Result "1-0"]
[WhiteElo "1041"]
[BlackElo "890"]
[PlyCount "0"]
[EventDate "2023.07.25"]
[EventRounds "7"]
[EventCountry "ENG"]

1. d4 d5 2. Nf3 Nc6 3. Bf4 Nf6 4. e3 e6 5. Bd3 Bd6 6. Bg3 O-O 7. Nbd2 Re8 8. Ne5
Nxe5 9. dxe5 Be7 10. exf6 Bxf6 11. Qh5 h6 12. c3 e5 13. f4 exf4 14. Bxf4 Bd7 15.
Qe2 Bg5 16. Bxg5 Qxg5 17. Nf1 a6 18. O-O-O Bb5 19. Bxb5 axb5 20. Kb1 Ra5 21. h4 Qg6+
22. Qd3 Qxd3+ 23. Rxd3 Rea8 24. a3 c5 25. Rxd5 b4 26. cxb4 cxb4 27. Rxa5 Rxa5 28.
Ka2 bxa3 29. bxa3 b5 30. Kb3 Kf8 31. Ng3 g5 32. hxg5 hxg5 33. Rh8+ Kg7 34. Rb8 Ra6
35. Rxb5 Kg6 36. a4 Re6 37. e4 Kf6 38. a5 Ke7 39. Rb7+ Ke8 40. Kb4 Kd8 41. Kb5 Rd6
42. a6 Rd7 43. Rxd7+ Kxd7 44. a7 Kc7 45. a8=Q Kd6 46. Qd5+ Ke7 47. Qxg5+ Kf8 48.
Nh5 Ke8 49. Kc6 Kf8 50. Qd8#  1-0